Informatyka ekonomiczna 2 teoria i praktyka

Na minha lista:
Detalhes bibliográficos
Outros Autores: Niedzielska, Elzbieta, Nowicki, Adam
Formato: Livro
Idioma:polonês
inglês
Publicado em: Wroclaw Wydawnictwo Akademii Ekonomicznej im. Oskara Langego we Wroclawiu 1999
Colecção:Prace naukowe nr. 822
Assuntos:
Tags: Adicionar Tag
Sem tags, seja o primeiro a adicionar uma tag!

MARC

LEADER 00000nam a2200000 4500
001 c122214
005 20221108121725.7
022 |a 0324-8445, 1507-3858 
041 0 |a pol 
041 0 |a eng 
044 |a PL 
245 1 0 |a Informatyka ekonomiczna 2  |b teoria i praktyka  |c Redaktorzy naukowi: Elzbieta Niedzielska, Adam Nowicki 
264 1 |a Wroclaw  |b Wydawnictwo Akademii Ekonomicznej im. Oskara Langego we Wroclawiu  |c 1999 
300 |a 196 s. 
490 1 |a Prace naukowe  |v nr. 822 
830 0 |a Prace naukowe  |v nr. 822 
610 2 0 |a informatika ekonomická 
610 2 0 |a systémy informačné podnikové 
700 1 |a Niedzielska, Elzbieta 
700 1 |a Nowicki, Adam